• 首页
  • 本馆介绍
  • 公告通知
  • 最新文献
  • 馆藏检索
  • 电子资源
  • 读者导购
  • 参考咨询
  • 我的图书馆
  • 登录
  • 详细信息显示
  • 放入我的书架
  • 预约/预借图书
  • 作者相关作品
  • 分类相关作品
  • 丛书相关作品
  • 出版社相关作品

书目信息

  • 表格格式
  • 工作单格式
  • 卡片格式
题名:
基础化学计算
    
 
作者: 余明才 , 房锦棠 著
分册:  
出版信息: 北京   教育科学出版社  1982
页数: 333页
开本: 19cm
丛书名:
单 册:
中图分类: O6-04 , G633.8
科图分类:
主题词: 教育--各级 , 化学--计算
电子资源:
ISBN:
000 00678nam0 2200253 45
001 0182005327
005 20060819151340.21
010    @dCNY1.00
091    @a7232.86
100    @a19950602d1982 em y0chiy0121 ea
101 0  @achi
102    @aCN@b110000
105    @ay z 000yy
200 10 @a基础化学计算@Aji chu hua xue ji suan@f余明才,房锦棠著@Fyu ming cai,fang jin tang zhu
210    @a北京@c教育科学出版社@d1982
215    @a333页@d19cm
606 0  @a教育@x各级
606    @a化学@x计算
690    @aO6-04@v3
690    @aG633.8@v3
701  0 @a余明才@Ayu ming cai@4著
701  0 @a房锦棠@Afang jin tang@4著
801    @aCN@bTSTC@c20060819
905    @dG633.8@e12
    
    基础化学计算/余明才,房锦棠著.-北京:教育科学出版社,1982
    333页;19cm
    
    
    ISBN :CNY1.00
    
●
相关链接 在E读中查询图书 在五车中查询图书 在当当中查询图书 在豆瓣中查询图书


正题名:基础化学计算     索取号:G633.8/12         预约/预借

序号 登录号 条形码 馆藏地/架位号 状态 备注
1 0080800   000609489   密集书库/ [索取号:G633.8/12] 在馆    
2 0080801   001932494   密集书库/ [索取号:G633.8/12] 在馆    
3 0080802   202385846   密集书库/ [索取号:G633.8/12] 在馆    
4 0080803   001657987   密集书库/ [索取号:G633.8/12] 在馆    
5 0080804   000611733   密集书库/ [索取号:G633.8/12] 在馆    
6 0080805   001657996   密集书库/ [索取号:G633.8/12] 在馆    
7 0080806   001658003   密集书库/ [索取号:G633.8/12] 在馆    
8 0080807   001658012   密集书库/ [索取号:G633.8/12] 在馆    
9 0080808   001658021   密集书库/ [索取号:G633.8/12] 在馆    
10 0080809   000611804   密集书库/ [索取号:G633.8/12] 在馆    
11 0122012   000609416   密集书库/ [索取号:G633.8/12] 在馆    
12 0122013   000605919   密集书库/ [索取号:G633.8/12] 在馆    
13 0122014   000605900   密集书库/ [索取号:G633.8/12] 在馆    
14 0122015   000611742   密集书库/ [索取号:G633.8/12] 在馆    
15 0122016   000611797   密集书库/ [索取号:G633.8/12] 在馆    
16 0122017   000611868   第一样本阅览室/ [索取号:G633.8/12] 在馆    
17 0122018   000611859   密集书库/ [索取号:G633.8/12] 在馆    
18 0122019   000611699   密集书库/ [索取号:G633.8/12] 在馆    
19 0122020   000611760   密集书库/ [索取号:G633.8/12] 在馆    
20 0122021   000611751   密集书库/ [索取号:G633.8/12] 在馆    
21 0440833   204408337   密集书库/ [索取号:G633.8/12] 在馆    
22 0440834   204408346   密集书库/ [索取号:G633.8/12] 在馆    
23 0471105   204711053   密集书库/ [索取号:G633.8/12] 在馆    
唐山师范学院图书馆 欢迎您!
大连网信软件有限公司© 版权所有